The New Age of The Kings: (Record no. 192285)

MARC details
000 -LEADER
fixed length control field 00767nam a22001937a 4500
005 - DATE AND TIME OF LATEST TRANSACTION
control field 20220916145552.0
010 ## - LCCN (DPL NO)
LC control number B-745537
020 ## - INTERNATIONAL STANDARD BOOK NUMBER
International Standard Book Number 9789839941784
Terms of availability 4394.00
035 ## - SYSTEM CONTROL NUMBER
System control number B-745537
037 ## - SOURCE OF ACQUISITION
Source of stock number/acquisition Partisan Publication
100 ## - MAIN ENTRY--PERSONAL NAME
Personal name Samad, Paridah Abd
245 ## - TITLE STATEMENT
Title The New Age of The Kings:
Remainder of title Morden Monarchies In Malaysia And The World /
Statement of responsibility, etc Paridah Abd Samad
260 ## - PUBLICATION, DISTRIBUTION, ETC. (IMPRINT)
Place of publication, distribution, etc Kuala Lumpur
Name of publisher, distributor, etc Partisan Publication
Date of publication, distribution, etc 2014
270 ## - ADDRESS
Address Lot 314,Lorong Kedah, Taman Melawati,
City Kuala Lumpur
Postal code 53100
Telephone number 603-41077191
Electronic mail address partisanpublication@yahoo.com
300 ## - PHYSICAL DESCRIPTION
Extent 379p
Dimensions 25cm(hbk)
505 ## - FORMATTED CONTENTS NOTE
Formatted contents note
942 ## - ADDED ENTRY ELEMENTS (KOHA)
Source of classification or shelving scheme Dewey Decimal Classification
Item type English Books
Call number suffix SAM
Classification part 320.54093
Holdings
Withdrawn status Lost status Not for loan Collection code Home library Current library Date acquired Source of acquisition Cost, normal purchase price Full call number Barcode Copy number Cost, replacement price Koha item type Public note
      Non-fiction Central Library Central Library 16/09/2022 Gift 4394.00 320.54093 SAM B-745537 1 4394.00 English Books Gift

© Delhi Public Library
Hit Counter
free hit counter